| 000 | 00841nam a2200241 a 4500 | ||
|---|---|---|---|
| 008 | 120416s1997 ||||||||||||||||| || u | ||
| 020 | _a0471964883 | ||
| 050 | _aTA 418.7 Bra | ||
| 100 | _aBrandon, D | ||
| 245 | 1 | 0 | _aJoining processes |
| 246 | _aan introduction | ||
| 260 |
_aChichester _bJohn Willey & sons _c1997 |
||
| 300 | _axiv, 363 p. : ill. | ||
| 350 | _a0.00 | ||
| 650 | _aWELDING | ||
| 650 | _aSEALING (TECHNOLOGY) | ||
| 650 | _aJoints (Engineering) | ||
| 650 | _aSURFACES (TECHNOLOGY) | ||
| 700 | _aKaplan, Wayne D | ||
| 856 | _uhttp://www.loc.gov/catdir/description/wiley032/96043512.html | ||
| 856 | _uhttp://www.loc.gov/catdir/toc/onix02/96043512.html | ||
| 995 |
_D0.00 _FCBU-MAIN LIBRARY (Kitwe) _H1 _I0.00 _M1 _UAVAILABLE _ZMain Library Open Access Collection |
||
| 999 |
_c48492 _d48492 |
||